00368 a2200109 4500001001000000005001700010008004100027245008100068100002700149773006500176999001700241ART_1098520260410161849.0260409a 10aEquilibrio general Walrasiano y no Walrasiano En una economía de Leontieff1 aEscudé, Guillermo J.0 tEconómicag- Año XXIX, Nº 2/3 (may./dic. 1983)wREV7541 c24828d24828